|
|
|
|
| LEADER |
00726nta a2200193 i 4500 |
| 001 |
dipl138528 |
| 005 |
20240314145526.0 |
| 008 |
240311s2009 hu om 000 hun d |
| 040 |
|
|
|a SZTE Diploma Repozitórium
|b hun
|
| 041 |
|
|
|a hun
|
| 100 |
2 |
|
|a Miklós Pétemé Pelesz Nelli
|
| 245 |
1 |
0 |
|a Németh László nézetei 1848/49-ről történeti drámái tükrében
|h [elektronikus dokumentum] /
|c Nelli Miklós Pétemé Pelesz
|
| 260 |
|
|
|c 2009
|
| 650 |
|
4 |
|a Bölcsészettudományok
|
| 650 |
|
4 |
|a Humanities
|
| 650 |
|
4 |
|a Languages and Literature
|
| 650 |
|
4 |
|a General literature studies
|
| 700 |
0 |
1 |
|a Olasz Sándor
|e ths
|
| 856 |
4 |
0 |
|u https://diploma.bibl.u-szeged.hu/id/eprint/138528/1/2009_miklos_peterne_pelesz_nelli.pdf
|z Dokumentum-elérés
|